| 000 | 00905nam a2200241 a 4500 | ||
|---|---|---|---|
| 008 | |||
| 049 | _aMAIN | ||
| 090 | 0 | _aHC900.Z65TRA | |
| 245 | 0 | 0 | _aTransboundary natural resources conflict management in southern Africa. |
| 246 | 1 | 7 | _aTransboundary conflict management |
| 260 |
_aHarare, Zimbabwe : _bIUCN, Regional Office for Southern Africa, _c2002. |
||
| 300 |
_a116 p. : _bmaps ; _c24 cm. |
||
| 504 | _aIncludes bibliographical references: p. 109-116. | ||
| 650 | 0 |
_aNatural resources _zAfrica, Southern _xManagement. |
|
| 650 | 0 |
_aConflict management _zAfrica, Southern. |
|
| 710 | 2 | _aIUCN Regional Office for Southern Africa. | |
| 710 | 2 | _aSouthern Africa Network for Transboundary Natural Resources Management. | |
| 907 |
_a.b10140566 _b31-08-06 _c23-11-04 |
||
| 003 | |||
| 005 | 20230123133917.0 | ||
| 040 | _cNUST | ||
| 942 |
_cBOOKS _kHC900.Z65TRA |
||
| 999 |
_c156739 _d156739 |
||